000 00452nam a22001697a 4500
003 OSt
005 20260119060003.0
008 260119b |||||||| |||| 00| 0 eng d
020 _a0-312-96494-3.
040 _aDWCL-Main lib.
_cOC
082 _aFic. R252d 1997
100 _aReed, Barry
245 _aThe deception/
_cBarry Reed
260 _aNew York :
_bCrown Publishers,
_cc1997
300 _a422 p. ;
_c17 cm.
942 _2ddc
_cFIC.
_hFic.
_n0
999 _c7540
_d7540